00239nam a2200097Ia 4500008004100000100000900041245003800050260002900088942000700117999001700124190216s9999||||xx |||||||||||||| ||und|| aNull 0aHindi-Andrapradesh Ki Lok Kadayem bMac Millian And Com. Ltd cBK c17080d17080